| 000 | 00945nam a22002775a 4500 | ||
|---|---|---|---|
| 001 | 18151844 | ||
| 005 | 20151020115621.0 | ||
| 006 | a||||fq||z f00| 0 | ||
| 008 | 140514s2017 enka fr f000 0 eng d | ||
| 020 | _a9780194001823 | ||
| 020 | _a9780194001816 | ||
| 020 | _a9780194001915 (Audio CD) | ||
| 020 | _a9780194001854 (Teacher's DVD) | ||
| 040 |
_aEG-ScBUE _beng _cEG-ScBUE |
||
| 082 | 0 | 0 |
_a428.24 _bDEC _222 |
| 100 | 1 |
_aDe Chazal, Edward. _938523 |
|
| 245 | 1 | 0 |
_aOxford EAP : _ba course in English for academic purposes. _nAdvanced / C1, _pteacher's handbook / _cEdward De Chazal and Julie Moore. |
| 260 |
_aOxford : _bOxford University Press, _c2017. |
||
| 300 |
_a135 p. : _bill. ; _c24 cm + _e1 DVD + 1 audio CD-ROM. |
||
| 650 | 0 |
_aEnglish language _xStudy and teaching (Higher) _2BUEsh |
|
| 651 | _2BUEsh | ||
| 653 |
_bEEENG _cOctober2015 |
||
| 655 |
_vReading book _934232 |
||
| 700 | 1 | _aMoore, Julie. | |
| 942 |
_2ddc _k428.24 DEC |
||
| 999 |
_c20937 _d20909 |
||